ბათუმის შოთა რუსთაველის სახელმწიფო უნივერსიტეტის ბიბლიოთეკა

Переработка нефтяных и природных газов. (ბიბ.ჩანაწერი № 37121)

000 -LEADER
fixed length control field 00639nam a2200205Ia 4500
001 - CONTROL NUMBER
control field 3077
003 - CONTROL NUMBER IDENTIFIER
control field GE_BSU
008 - FIXED-LENGTH DATA ELEMENTS--GENERAL INFORMATION
fixed length control field 181216s||||||||xx |||||||||||||| ||und||
040 ## - CATALOGING SOURCE
Transcribing agency GE_BSU
080 ## - UNIVERSAL DECIMAL CLASSIFICATION NUMBER
Universal Decimal Classification number 665.632(075)
100 ## - MAIN ENTRY--PERSONAL NAME
Personal name Берлин,М.А. Гореченков,В.Г. Волков,Н.П.
245 ## - TITLE STATEMENT
Title Переработка нефтяных и природных газов.
245 ## - TITLE STATEMENT
Statement of responsibility, etc. Ред.С.И.Бабушкина.
260 ## - PUBLICATION, DISTRIBUTION, ETC.
Place of publication, distribution, etc. М.
260 ## - PUBLICATION, DISTRIBUTION, ETC.
Name of publisher, distributor, etc. Химия.
260 ## - PUBLICATION, DISTRIBUTION, ETC.
Date of publication, distribution, etc. 1981.
300 ## - PHYSICAL DESCRIPTION
Extent 472стр.илл.22см.
653 ## - INDEX TERM--UNCONTROLLED
Uncontrolled term Переработка нефтяных и природных газов.
942 ## - ADDED ENTRY ELEMENTS (KOHA)
Koha item type წიგნი
ეგზემპლარები
Withdrawn status Lost status Damaged status Not for loan Date acquired Barcode Date last seen Price effective from Koha item type
        2018-12-17 9405 2018-12-17 2018-12-17 წიგნი
        2018-12-17 9406 2018-12-17 2018-12-17 წიგნი